| 000 | 00762nam a2200229Ia 4500 | ||
|---|---|---|---|
| 003 | GCL | ||
| 008 | 140319s9999 xx 000 0 ara d | ||
| 040 |
_aGCL / _cGCL |
||
| 082 | 0 | 4 |
_a801.95 _bح م |
| 100 | 1 | _aمحمد غنيمى هلال | |
| 245 | 1 | 0 |
_aماالادب : ماالكتابة : لماذا نكتب : لمن نكتب : موقف الكاتب فى العصر الحديث / _cمحمد غنيمى هلال |
| 700 | 1 | _aجان ول سارنز | |
| 260 |
_a[S.N] : _bنهضة مصر للطباعة والنشر والتوزيع ، _c1990 |
||
| 300 | _a254 ص | ||
| 490 | _a | ||
| 650 | 0 | 4 | _aالنقد |
| 650 | 0 | 4 | _aفلسفة |
| 650 | 0 | 4 | _aالادب |
| 650 | 0 | 4 | _aالوصف الادبى |
| 650 | 0 | 4 | _aتاريخ ونقد |
| 942 |
_2ddc _cBK |
||
| 999 |
_c32277 _d32277 |
||